000 00993cam a2200289 a 4500
001 12782445
003 OSt
005 20150408113926.0
008 020520s2003 maua b 001 0 eng
020 _a9780071112420
040 _aDLC
_cDLC
_dDLC
050 0 0 _aQA76.5
_b.S2193 2003
082 0 0 _a004
_221
100 1 _aSawyer, Stacey C.
_94168
245 1 0 _aUsing information technology :
_ba practical introduction to computers & communications : complete version /
_cStacey C. Sawyer, Brian K. Williams.
250 _a6th ed.
260 _aBoston :
_bMcGraw-Hill/Irwin,
_cc2005.
300 _axxix, 482 p.
_bcol. ill. ;
_c28 cm.
504 _aIncludes bibliographical references and index.
650 0 _aComputers.
650 0 _aTelecommunication systems.
_94260
650 0 _aInformation technology.
700 1 _aWilliams, Brian K.,
_d1938-
_94167
906 _a7
942 _2ddc
_cBOOK
999 _c15515
_d250015